000 00694nam a2200253Ia 4500
008 200601s9999 xx 000 0 und d
020 _a978-0-07-143765-3
050 _aREF GV 811
050 _b.L46 2007
100 _aLeonard, Beth A.
245 4 _aThe Voyager's handbook :
245 4 _bthe essential guide to bluewater cruising /
245 0 _cBeth A. Leonard.
250 _a2nd Edition
260 _aNew York :
260 _bMcGraw-Hill.,
260 _c2007
300 _a574 pages :
300 _billustrations ;
300 _c28 cm.
500 _aIncludes index.
650 _aSailing -- Handbooks, manuals, etc.
650 _xOcean travel -- Handbooks, manuals, etc.
999 _c363327
_d363327